[Event "Airthings Masters - Torneo Preliminare"]
[Site "Internet"]
[Date "03.02.2023"]
[Round "9"]
[White "Vasquez Schroeder, Rodrigo"]
[Black "Dreev, Aleksey"]
[Result "1/2-1/2"]
[WhiteTitle ""]
[BlackTitle ""]
[WhiteElo "2513"]
[BlackElo "2606"]
[WhiteFideId "3400042"]
[BlackFideId "4100107"]
[EventDate "2023.02.03"]

1. d4 d5 2. c4 c6 3. Nf3 Nf6 4. Nc3 e6 5. Bg5 h6 6. Bxf6 Qxf6 7. e3 g6 8. Bd3
Bg7 9. O-O O-O 10. Qe2 Nd7 11. Rfd1 a6 12. Rac1 Qe7 13. a3 Rd8 14. h3 b6 15. e4
dxc4 16. Bxc4 Bb7 17. b4 c5 18. bxc5 bxc5 19. d5 Nb6 20. dxe6 Nxc4 21. Qxc4
Rxd1+ 22. Rxd1 Qxe6 23. Nd5 Re8 24. Rb1 Bc6 25. Qxc5 Qxe4 26. Re1 Qxe1+ 27. Nxe1
Rxe1+ 28. Kh2 Bxd5 29. Qxd5 Re6 30. g3 h5 31. Kg2 Bf8 32. a4 Rd6 33. Qc4 Kg7 34.
f4 f5 35. Kf3 Be7 36. Qc7 Kf7 37. g4 hxg4+ 38. hxg4 fxg4+ 39. Kxg4 Rf6 40. Qc4+
Kg7 41. Qd4 Kf7 42. Qd5+ Kg7 43. Qb7 Kf7 44. Kf3 Kf8 45. Kg4 Kf7 46. Qd5+ Kf8
47. Qd4 Kf7 48. Qc4+ Kf8 49. Qd5 Kg7 50. Qd7 Kf8 51. Qb7 Kf7 1/2-1/2

[Event "Airthings Masters - Torneo Preliminare"]
[Site "Internet"]
[Date "03.02.2023"]
[Round "9"]
[White "Chirila, Ioan-Cristian"]
[Black "Drygalov, Sergey"]
[Result "0-1"]
[WhiteTitle ""]
[BlackTitle ""]
[WhiteElo "2543"]
[BlackElo "2547"]
[WhiteFideId "1211668"]
[BlackFideId "24171743"]
[EventDate "2023.02.03"]

1. d4 Nf6 2. c4 e6 3. Nf3 d5 4. Nc3 c6 5. Bg5 h6 6. Bh4 dxc4 7. e4 g5 8. Bg3 b5
9. Ne5 Nbd7 10. Nxc6 Qb6 11. d5 Bb7 12. a4 a6 13. Be2 Bxc6 14. dxc6 Qxc6 15.
axb5 axb5 16. Rxa8+ Qxa8 17. O-O Qc6 18. e5 Nd5 19. Nxd5 exd5 20. Bf3 Nb6 21. e6
fxe6 22. Qd4 Rg8 23. Ra1 Bg7 24. Be5 Bxe5 25. Qxe5 Nd7 26. Qd4 Ke7 27. Re1 Nf6
28. Qa7+ Qd7 29. Qc5+ Kf7 30. Ra1 Rc8 31. Qd4 b4 32. Qb6 c3 33. Qxb4 c2 34. Rc1
d4 35. h4 g4 36. Bb7 Rb8 37. Rxc2 Rxb7 38. Qd2 Kg7 39. Rc4 e5 40. h5 Rc7 41. Rb4
Qc6 42. Kh2 Qc1 43. Qd3 Qf4+ 44. Qg3 Nxh5 0-1

[Event "Airthings Masters - Torneo Preliminare"]
[Site "Internet"]
[Date "03.02.2023"]
[Round "9"]
[White "Grandelius, Nils"]
[Black "Yoo, Christopher Woojin"]
[Result "0-1"]
[WhiteTitle ""]
[BlackTitle ""]
[WhiteElo "2660"]
[BlackElo "2589"]
[WhiteFideId "1710400"]
[BlackFideId "30909694"]
[EventDate "2023.02.03"]

1. Nf3 d5 2. g3 Nf6 3. Bg2 Bg4 4. O-O Nbd7 5. d4 e6 6. h3 Bh5 7. c4 c6 8. cxd5
cxd5 9. Qb3 Qb6 10. Nc3 Be7 11. Qxb6 Nxb6 12. Ne5 Nfd7 13. Nxd7 Kxd7 14. a4 f5
15. a5 Nc4 16. a6 b6 17. b3 Na5 18. e3 Rhc8 19. Nxd5 exd5 20. Bxd5 Nc6 21. Bd2
Rc7 22. Rfc1 Rac8 23. Rc4 b5 24. Rcc1 Nb4 25. Rxc7+ Rxc7 26. Bb7 Rc2 27. Be1 Nd3
28. Ba5 Bd8 29. Bxd8 Kxd8 30. Ra5 Be8 31. g4 fxg4 32. Be4 Rc1+ 0-1

[Event "Airthings Masters - Torneo Preliminare"]
[Site "Internet"]
[Date "03.02.2023"]
[Round "9"]
[White "Gledura, Benjamin"]
[Black "Yu, Yangyi"]
[Result "0-1"]
[WhiteTitle ""]
[BlackTitle ""]
[WhiteElo "2633"]
[BlackElo "2729"]
[WhiteFideId "712779"]
[BlackFideId "8603820"]
[EventDate "2023.02.03"]

1. e4 c5 2. Nf3 Nc6 3. Bb5 e6 4. O-O Nge7 5. Re1 b6 6. d4 cxd4 7. Nxd4 Bb7 8.
Nxc6 Nxc6 9. Qg4 a6 10. Bxc6 Bxc6 11. Qg3 Qf6 12. Nc3 Qg6 13. Qc7 Bb4 14. Re3
O-O 15. Qxb6 Bxc3 16. bxc3 Bxe4 17. Rg3 Qh5 18. Qd4 e5 19. Qd6 Bxc2 20. Rg5 Qe2
21. h4 f6 22. Rg3 Rf7 23. Be3 Qd3 24. Qxd3 Bxd3 25. f4 e4 26. Bd4 Rb8 27. Re3 d5
28. Ree1 h5 29. Red1 Kh7 30. Rd2 Kg6 31. Kf2 Kf5 32. g3 Rfb7 33. a4 Rb1 34. Rxb1
Rxb1 0-1

[Event "Airthings Masters - Torneo Preliminare"]
[Site "Internet"]
[Date "03.02.2023"]
[Round "9"]
[White "Kaufman, Lawrence"]
[Black "Pranav, Anand"]
[Result "0-1"]
[WhiteTitle ""]
[BlackTitle ""]
[WhiteElo "2188"]
[BlackElo "2525"]
[WhiteFideId "2000555"]
[BlackFideId "46626786"]
[EventDate "2023.02.03"]

1. e4 c5 2. Nf3 Nc6 3. Bb5 e6 4. O-O Nge7 5. Re1 a6 6. Bf1 Ng6 7. c3 Be7 8. d4
d6 9. dxc5 dxc5 10. Qxd8+ Kxd8 11. Be3 Kc7 12. Nbd2 b6 13. a3 Bb7 14. b4 Nge5
15. bxc5 Bxc5 16. Bxc5 Nxf3+ 17. Nxf3 bxc5 18. Nd2 Na5 19. Nc4 Nxc4 20. Bxc4
Rhd8 21. Ra2 Rd7 22. f3 Rad8 23. Kf2 Rd1 24. Be2 R1d2 25. Rea1 f5 26. Ke3 R2d6
27. Rb2 g5 28. Rab1 Ba8 29. g3 h5 30. e5 f4+ 31. gxf4 gxf4+ 32. Kxf4 Rd5 33. Kg3
Rxe5 34. f4 Re3+ 35. Kf2 Rxc3 36. Bxa6 Rf8 37. Re2 Rxf4+ 38. Ke1 Be4 39. Ra1 c4
40. a4 Bd3 41. Rf2 Rxf2 42. Kxf2 Rc2+ 43. Ke3 Rxh2 44. a5 Re2+ 45. Kd4 Re4+ 46.
Kc5 Re5+ 47. Kb4 h4 48. Bxc4 Re4 49. Rc1 Rxc4+ 50. Rxc4+ Bxc4 51. Kxc4 h3 0-1

[Event "Airthings Masters - Torneo Preliminare"]
[Site "Internet"]
[Date "03.02.2023"]
[Round "9"]
[White "Tabatabaei, M. Amin"]
[Black "Nguyen, Ngoc Truong Son"]
[Result "1-0"]
[WhiteTitle ""]
[BlackTitle ""]
[WhiteElo "2677"]
[BlackElo "2645"]
[WhiteFideId "12521213"]
[BlackFideId "12401110"]
[EventDate "2023.02.03"]

1. d4 Nf6 2. Nf3 d5 3. c3 c6 4. Qc2 g6 5. Bf4 Bg7 6. h3 O-O 7. e3 Bf5 8. Qb3 Qb6
9. Nbd2 Ne4 10. g4 Nxd2 11. Nxd2 Be6 12. Be2 Nd7 13. h4 Qxb3 14. axb3 c5 15. h5
Rfc8 16. Bg3 a6 17. f3 b5 18. Kf2 c4 19. Ra5 Nb6 20. hxg6 hxg6 21. Rha1 cxb3 22.
Nxb3 Na4 23. R1xa4 bxa4 24. Nc5 Rc6 25. Rxa4 Rb6 26. b4 Ra7 27. Rxa6 Raxa6 28.
Bxa6 Bd7 29. Bc7 Rc6 30. Bd8 Rxa6 31. Nxa6 e6 32. Be7 f6 33. Nc5 Bb5 34. Nxe6
Kf7 35. Nc7 1-0

[Event "Airthings Masters - Torneo Preliminare"]
[Site "Internet"]
[Date "03.02.2023"]
[Round "9"]
[White "Hakobyan, Aram"]
[Black "Martinez Alcantara, Jose Eduardo"]
[Result "1/2-1/2"]
[WhiteTitle ""]
[BlackTitle ""]
[WhiteElo "2620"]
[BlackElo "2607"]
[WhiteFideId "13306677"]
[BlackFideId "3805662"]
[EventDate "2023.02.03"]

1. e4 e5 2. Nf3 Nf6 3. Nxe5 d6 4. Nf3 Nxe4 5. d4 d5 6. Bd3 Bd6 7. O-O O-O 8. c4
c6 9. Nc3 Nxc3 10. bxc3 dxc4 11. Bxc4 Bg4 12. h3 Bh5 13. Re1 Nd7 14. g4 Bg6 15.
Bg5 Qa5 16. Be7 Bxe7 17. Rxe7 Qd8 18. Qe2 Nb6 19. Re1 Nd5 20. Bxd5 cxd5 21. Rxb7
Rc8 22. Ne5 Rxc3 23. Nxg6 hxg6 24. Qe7 Rxh3 25. Qxd8 Rxd8 26. Kg2 Rd3 27. Ree7
Rf8 28. Rxa7 Rxd4 29. Kg3 g5 30. Red7 Rd1 1/2-1/2

[Event "Airthings Masters - Torneo Preliminare"]
[Site "Internet"]
[Date "03.02.2023"]
[Round "9"]
[White "Lazavik, Denis"]
[Black "Predke, Alexandr"]
[Result "1/2-1/2"]
[WhiteTitle ""]
[BlackTitle ""]
[WhiteElo "2541"]
[BlackElo "2684"]
[WhiteFideId "13515110"]
[BlackFideId "24107581"]
[EventDate "2023.02.03"]

1. d4 Nf6 2. c4 e6 3. Nf3 d5 4. Nc3 Bb4 5. Bg5 h6 6. Bxf6 Qxf6 7. e3 O-O 8. Rc1
Nd7 9. Be2 dxc4 10. Bxc4 c5 11. O-O cxd4 12. exd4 Bxc3 13. bxc3 b6 14. Bb5 Rd8
15. Bc6 Rb8 16. Qa4 a6 17. c4 Nf8 18. c5 Qe7 19. Be4 bxc5 20. dxc5 Qc7 21. Rc3
e5 22. Bd3 Be6 23. c6 a5 24. Qc2 Rb6 25. Be4 Bd5 26. Rc5 Bxe4 27. Qxe4 Ne6 28.
Qxe5 Qxe5 29. Rxe5 Rxc6 30. Rxa5 Nd4 31. Ne5 Rc2 32. h4 Nc6 33. Nxc6 Rxc6 34.
Ra1 Rf6 35. Ra3 Rd4 36. h5 Rf5 37. Rh3 Rd2 38. Rf3 Rxh5 1/2-1/2

[Event "Airthings Masters - Torneo Preliminare"]
[Site "Internet"]
[Date "03.02.2023"]
[Round "9"]
[White "Ibarra Jerez, Jose Carlos"]
[Black "Svidler, Peter"]
[Result "1/2-1/2"]
[WhiteTitle ""]
[BlackTitle ""]
[WhiteElo "2563"]
[BlackElo "2683"]
[WhiteFideId "2226332"]
[BlackFideId "4102142"]
[EventDate "2023.02.03"]

1. e4 c5 2. Ne2 a6 3. c4 b5 4. Ng3 bxc4 5. Bxc4 Nc6 6. O-O e6 7. Nc3 Nf6 8. Nh5
Nxh5 9. Qxh5 g6 10. Qd1 Bg7 11. d3 O-O 12. Be3 d6 13. Qd2 Rb8 14. a3 Nd4 15.
Rab1 a5 16. Bh6 Bd7 17. Bxg7 Kxg7 18. Ne2 Qf6 19. Nxd4 Qxd4 20. Qxa5 d5 21. Ba6
Ra8 22. b4 Bc8 23. b5 Bxa6 24. bxa6 Qxd3 25. Qxc5 Qxe4 26. a7 Qc4 27. Qxc4 dxc4
28. Rb7 Rfd8 29. Rc1 Rd3 30. g3 Rxa3 31. Rxc4 R8xa7 32. Rxa7 Rxa7 33. h4 h5 34.
Kg2 Kf6 35. Rc5 e5 36. Kf3 Kf5 37. Rc3 f6 38. Rb3 Ra2 39. Rb4 e4+ 40. Ke3 g5 41.
hxg5 fxg5 42. Rb5+ Kg4 43. Re5 Ra4 44. Re8 Ra3+ 45. Ke2 Kh3 46. Re5 e3 47. Rxg5
exf2 48. Kxf2 Ra2+ 49. Kf3 Ra3+ 50. Kf2 Ra2+ 51. Kf3 Ra3+ 52. Kf2 1/2-1/2

[Event "Airthings Masters - Torneo Preliminare"]
[Site "Internet"]
[Date "03.02.2023"]
[Round "9"]
[White "Ponkratov, Pavel"]
[Black "Sarana, Alexey"]
[Result "0-1"]
[WhiteTitle ""]
[BlackTitle ""]
[WhiteElo "2577"]
[BlackElo "2668"]
[WhiteFideId "4157800"]
[BlackFideId "24133795"]
[EventDate "2023.02.03"]

1. e4 c5 2. Nf3 d6 3. d4 cxd4 4. Nxd4 Nf6 5. Bb5+ Nbd7 6. O-O a6 7. Bd3 Nc5 8.
Re1 g6 9. c4 Bg7 10. Nc3 Nxd3 11. Qxd3 Nd7 12. b3 Nc5 13. Qd2 O-O 14. Bb2 e5 15.
Nf3 Bg4 16. Qe3 f5 17. h3 Bxf3 18. Qxf3 fxe4 19. Qe3 Qh4 20. Ba3 Bh6 21. Qe2 e3
22. fxe3 e4 23. Bxc5 dxc5 24. Rad1 Bg7 25. Nd5 Be5 26. Qg4 Qf2+ 27. Kh1 Rae8 28.
a4 Rf7 29. Rg1 Kg7 30. Nf4 Bxf4 31. exf4 Qxf4 32. Qe2 e3 33. Rgf1 Qc7 34. Kg1
Rxf1+ 35. Rxf1 Qe5 36. a5 h5 37. Rd1 Re7 38. Rd5 Qa1+ 39. Kh2 Qxa5 40. g4 Qc7+
41. Kg2 h4 42. Qe1 e2 43. Rd3 Qf4 44. Rf3 Qd4 45. Rf2 Qe4+ 46. Kg1 Qe3 0-1

[Event "Airthings Masters - Torneo Preliminare"]
[Site "Internet"]
[Date "03.02.2023"]
[Round "9"]
[White "Robson, Ray"]
[Black "Dominguez Perez, Leinier"]
[Result "1/2-1/2"]
[WhiteTitle ""]
[BlackTitle ""]
[WhiteElo "2702"]
[BlackElo "2743"]
[WhiteFideId "2023970"]
[BlackFideId "3503240"]
[EventDate "2023.02.03"]

1. e4 c5 2. Nf3 d6 3. Bb5+ Nd7 4. a4 Nf6 5. Nc3 a6 6. Be2 g6 7. a5 Bg7 8. O-O
O-O 9. d3 b5 10. axb6 a5 11. Bf4 Qxb6 12. Ra3 Bb7 13. Qd2 Bc6 14. Rb1 a4 15. Bh6
Rfb8 16. h3 Qc7 17. Qc1 Rb4 18. Bd2 Rbb8 19. Rba1 Nb6 20. Bf4 Nfd7 21. R1a2 Rb7
22. h4 h5 23. Bh6 Rab8 24. Bxg7 Kxg7 25. b3 axb3 26. Rxb3 Nf6 27. Rab2 Nbd7 28.
Rxb7 Rxb7 29. Ng5 Rxb2 30. Qxb2 Qb7 31. Qxb7 Bxb7 32. f4 Bc6 33. Kf2 e6 1/2-1/2

[Event "Airthings Masters - Torneo Preliminare"]
[Site "Internet"]
[Date "03.02.2023"]
[Round "9"]
[White "Blomqvist, Erik"]
[Black "Bok, Benjamin"]
[Result "0-1"]
[WhiteTitle ""]
[BlackTitle ""]
[WhiteElo "2510"]
[BlackElo "2607"]
[WhiteFideId "1709437"]
[BlackFideId "1017063"]
[EventDate "2023.02.03"]

1. e4 c5 2. Nf3 d6 3. d4 cxd4 4. Qxd4 Nf6 5. Be2 Nc6 6. Qe3 g6 7. h3 Bg7 8. O-O
O-O 9. Rd1 Be6 10. Nc3 Qc7 11. a3 Rac8 12. Qg5 Qa5 13. Qh4 Ne5 14. Ng5 Qb6 15.
Na4 Qc6 16. Nc3 Qb6 17. Kh1 h6 18. Nxe6 fxe6 19. f4 Nc4 20. Qg3 Nxb2 21. Rb1
Rxc3 22. Qxg6 Rxc2 23. Bd3 Nxd1 24. Rxb6 Nf2+ 25. Kh2 Nxd3 26. Rxb7 Ne1 27. e5
Nf3+ 28. Kg3 Rxg2+ 29. Kxg2 Nh4+ 30. Kg3 Nxg6 31. exf6 Bxf6 32. Rxa7 Rc8 33. Bd2
Rc2 34. Bb4 Kf7 35. Bxd6 Rc3+ 36. Kg4 h5+ 37. Kxh5 Rxh3+ 38. Kg4 Rd3 39. Bb4 Nh4
40. a4 Nf5 41. a5 Rg3+ 42. Kh5 Ng7+ 43. Kh6 Rh3# 0-1

[Event "Airthings Masters - Torneo Preliminare"]
[Site "Internet"]
[Date "03.02.2023"]
[Round "9"]
[White "Lenderman, Aleksandr"]
[Black "Grischuk, Alexander"]
[Result "0-1"]
[WhiteTitle ""]
[BlackTitle ""]
[WhiteElo "2572"]
[BlackElo "2745"]
[WhiteFideId "2021285"]
[BlackFideId "4126025"]
[EventDate "2023.02.03"]

1. Nf3 g6 2. e4 Bg7 3. d4 d6 4. Bc4 Nc6 5. O-O Nf6 6. Qe2 Bg4 7. c3 e5 8. d5 Ne7
9. Nbd2 O-O 10. h3 Bc8 11. Rd1 c6 12. dxc6 bxc6 13. Bb3 a5 14. a4 Qc7 15. Nc4
Ba6 16. Qc2 Nxe4 17. Ncxe5 Nc5 18. Bxf7+ Rxf7 19. Nxf7 Kxf7 20. Ng5+ Kg8 21. b4
axb4 22. cxb4 Bxa1 23. Qa2+ d5 24. Qxa1 h6 25. Nf3 Ne4 26. Ne5 Bb5 27. a5 Qd6
28. f3 Ng3 29. Ng4 Ne2+ 30. Kh1 Ng3+ 31. Kg1 g5 32. Be3 Nef5 33. Bc5 Ne2+ 34.
Kh1 Nfg3+ 35. Kh2 Nf1+ 36. Kh1 Qh2+ 37. Nxh2 Nfg3# 0-1

[Event "Airthings Masters - Torneo Preliminare"]
[Site "Internet"]
[Date "03.02.2023"]
[Round "9"]
[White "Sjugirov, Sanan"]
[Black "Fedoseev, Vladimir3"]
[Result "1-0"]
[WhiteTitle ""]
[BlackTitle ""]
[WhiteElo "2712"]
[BlackElo "2674"]
[WhiteFideId "4189302"]
[BlackFideId "24130737"]
[EventDate "2023.02.03"]

1. d4 b6 2. e4 Bb7 3. Bd3 e6 4. Nf3 h6 5. c4 g6 6. Nc3 Bg7 7. Be3 d6 8. Qd2 Nd7
9. h4 Ngf6 10. O-O-O Ng4 11. Kb1 a6 12. Bf4 Ndf6 13. Qe2 Qe7 14. Bc1 c5 15. d5
exd5 16. Nxd5 Bxd5 17. cxd5 b5 18. e5 dxe5 19. d6 Qe6 20. Rhe1 c4 21. Bc2 O-O
22. Nxe5 Rfe8 23. f4 Nxe5 24. fxe5 Nd7 25. h5 g5 26. Qe4 Nxe5 27. d7 Red8 28.
Be3 Nxd7 29. Qh7+ Kf8 30. Bxg5 Qxe1 31. Rxe1 hxg5 32. h6 Bf6 33. Qf5 Rab8 34.
Rd1 Ke7 35. h7 Rb6 36. Qd5 Kf8 37. Bf5 Kg7 38. Bxd7 c3 39. bxc3 b4 40. c4 b3 41.
a3 b2 42. Rf1 Kh8 43. Rxf6 1-0

[Event "Airthings Masters - Torneo Preliminare"]
[Site "Internet"]
[Date "03.02.2023"]
[Round "9"]
[White "Omelja, Artem"]
[Black "Daggupati, Balaji"]
[Result "0-1"]
[WhiteTitle ""]
[BlackTitle ""]
[WhiteElo "2437"]
[BlackElo "2507"]
[WhiteFideId "14119846"]
[BlackFideId "2090759"]
[EventDate "2023.02.03"]

1. e4 c5 2. Nf3 e6 3. d3 Nc6 4. g3 Nf6 5. Bg2 e5 6. O-O Be7 7. c4 O-O 8. Nc3 d6
9. Nh4 Nd4 10. Ne2 Ne8 11. Nxd4 Bxh4 12. Nf5 Bg5 13. Ne3 Nc7 14. Rb1 b5 15. b4
cxb4 16. Rxb4 bxc4 17. Nxc4 Bxc1 18. Qxc1 Na6 19. Rb2 Be6 20. Ne3 Nc5 21. Qd2
Qf6 22. f4 exf4 23. Rxf4 Qd4 24. Bf1 Rab8 25. Rxb8 Rxb8 26. e5 Qa1 27. exd6 g6
28. Rb4 Rd8 29. d4 Ne4 30. Qb2 Qe1 31. Ng2 Qd1 32. Nf4 Bf5 33. d5 Qe1 34. Rb8
Qe3+ 35. Kg2 Rxb8 36. Qxb8+ Kg7 37. Qb2+ Kh6 38. Qe2 Qd4 39. g4 Bxg4 40. Qxg4
Qf2+ 41. Kh3 Qxf1+ 0-1

[Event "Airthings Masters - Torneo Preliminare"]
[Site "Internet"]
[Date "03.02.2023"]
[Round "9"]
[White "Pranav, V"]
[Black "Salem, A.R. Saleh"]
[Result "0-1"]
[WhiteTitle ""]
[BlackTitle ""]
[WhiteElo "2545"]
[BlackElo "2677"]
[WhiteFideId "25060783"]
[BlackFideId "9301348"]
[EventDate "2023.02.03"]

1. e4 e5 2. Nf3 Nc6 3. Bb5 a6 4. Ba4 Nf6 5. O-O Be7 6. d3 b5 7. Bb3 d6 8. c3 O-O
9. Nbd2 Na5 10. Bc2 c5 11. Re1 Nc6 12. Nf1 h6 13. Ng3 Be6 14. h3 Rc8 15. a4 b4
16. Bd2 a5 17. Bb3 Re8 18. Bxe6 fxe6 19. Nh2 Rf8 20. Ng4 Kh7 21. Ne3 Qd7 22. Nc4
Bd8 23. Qe2 Bc7 24. Ne3 Rf7 25. Rf1 Rcf8 26. Nh5 Ng8 27. Ng4 g6 28. Ng3 h5 29.
Nh2 Kg7 30. Be3 Nf6 31. Nf3 Nh7 32. Nh2 Bd8 33. Qd2 Kg8 34. Ne2 Bf6 35. Bh6 Bg7
36. Be3 Rb8 37. Rac1 Ne7 38. Ra1 Rc8 39. d4 exd4 40. cxd4 c4 41. Rfc1 d5 42. f3
dxe4 43. fxe4 Nf6 44. Qc2 Qb7 45. e5 Qe4 46. Bg5 Qxc2 47. Rxc2 Ne4 48. Bxe7 Rxe7
49. Nf3 Bh6 50. Kh2 Rd7 51. Re1 Rb7 52. Rf1 Be3 53. Re1 Bh6 54. Rf1 b3 55. Rc3
Rb4 56. Ra1 Rf8 57. Kg1 Nxc3 58. bxc3 Be3+ 59. Kf1 b2 60. Rb1 Rxa4 0-1

[Event "Airthings Masters - Torneo Preliminare"]
[Site "Internet"]
[Date "03.02.2023"]
[Round "9"]
[White "Kramnik, Vladimir"]
[Black "Guseinov, Gadir"]
[Result "1/2-1/2"]
[WhiteTitle ""]
[BlackTitle ""]
[WhiteElo "2753"]
[BlackElo "2661"]
[WhiteFideId "4101588"]
[BlackFideId "13401378"]
[EventDate "2023.02.03"]

1. c4 Nf6 2. Nc3 g6 3. g3 Bg7 4. Bg2 O-O 5. d3 d6 6. Nf3 e5 7. O-O Re8 8. e4 Bg4
9. h3 Bxf3 10. Qxf3 Nc6 11. Be3 Nd7 12. Qd1 Nd4 13. Bxd4 exd4 14. Ne2 a5 15. h4
Nc5 16. Qd2 c6 17. b3 Qd7 18. Kh2 f5 19. Bh3 Qe7 20. f3 d5 21. cxd5 cxd5 22. Nf4
dxe4 23. fxe4 fxe4 24. dxe4 Nxe4 25. Qd3 Nc5 26. Qb5 Qd6 27. Rae1 Rxe1 28. Rxe1
Be5 29. Qc4+ Kh8 30. Kh1 Bxf4 31. gxf4 Rf8 32. Re5 b6 33. Rd5 Qxf4 34. Qxd4+
Qxd4 35. Rxd4 Rf2 36. b4 axb4 37. Rxb4 Rxa2 38. Rxb6 Ra4 39. h5 Rh4 40. hxg6
Rxh3+ 41. Kg2 Rh6 42. Rb8+ Kg7 43. gxh7 Kxh7 44. Rc8 Ne6 45. Kf3 Kg6 46. Ra8 Kf6
47. Ra6 Rh3+ 48. Ke4 Rb3 49. Kd5 Rb5+ 50. Ke4 Re5+ 51. Kd3 Kf5 52. Ra8 Nf4+ 53.
Kc4 Ke4 54. Rh8 Re7 55. Kc5 Ke5 56. Kc6 Re6+ 57. Kc5 Rg6 58. Re8+ Ne6+ 59. Kc6
Rg7 60. Rc8 Re7 61. Rh8 Rc7+ 62. Kb6 Rc1 63. Kb5 1/2-1/2

[Event "Airthings Masters - Torneo Preliminare"]
[Site "Internet"]
[Date "03.02.2023"]
[Round "9"]
[White "Oparin, Grigoriy"]
[Black "Ghosh, Diptayan"]
[Result "1/2-1/2"]
[WhiteTitle ""]
[BlackTitle ""]
[WhiteElo "2667"]
[BlackElo "2553"]
[WhiteFideId "24125890"]
[BlackFideId "5045207"]
[EventDate "2023.02.03"]

1. d4 Nf6 2. c4 e6 3. Nf3 d5 4. g3 h6 5. Bg2 Bd6 6. O-O O-O 7. b3 b6 8. Bb2 Bb7
9. e3 Nbd7 10. Qe2 Rc8 11. Rd1 Qe7 12. Nc3 a6 13. Rac1 Rfd8 14. Nd2 Ba3 15. Bxa3
Qxa3 16. cxd5 exd5 17. Nf3 Qd6 18. Ne1 c6 19. Nd3 a5 20. Nf4 Re8 21. Rc2 Rcd8
22. Rdc1 Nf8 23. Na4 N6d7 24. Bh3 Rb8 25. Rc3 Ba8 26. R3c2 Bb7 27. Qf3 Ba8 28.
Nd3 Ne6 29. Bg2 Bb7 30. h4 Re7 31. Bh3 Ree8 32. Nf4 Ba8 33. Nd3 Bb7 34. Bf5 Ba8
35. Nf4 Bb7 36. Bd3 Nxf4 37. Qxf4 Qxf4 38. gxf4 Ba8 39. Bf5 Nf6 40. Nb2 g6 41.
Bh3 c5 42. dxc5 bxc5 43. Rxc5 d4 44. Nc4 dxe3 45. fxe3 Bd5 46. Ne5 a4 47. bxa4
Bxa2 48. Bg2 Rb3 49. R1c3 Rb1+ 50. Kh2 Be6 51. a5 Ra1 52. Bb7 Rd8 53. Rc2 Rdd1
54. a6 Nd5 55. Nc4 Rh1+ 56. Kg3 Rh3+ 57. Kg2 Nxe3+ 58. Nxe3 Rxe3 59. R5c3 Ree1
60. Kg3 Kg7 61. Rd2 h5 1/2-1/2

[Event "Airthings Masters - Torneo Preliminare"]
[Site "Internet"]
[Date "03.02.2023"]
[Round "9"]
[White "Radjabov, Teimour"]
[Black "Suleymanli, Aydin"]
[Result "1-0"]
[WhiteTitle ""]
[BlackTitle ""]
[WhiteElo "2747"]
[BlackElo "2552"]
[WhiteFideId "13400924"]
[BlackFideId "13413937"]
[EventDate "2023.02.03"]

1. Nf3 d5 2. d4 Nf6 3. c4 e6 4. Nc3 c5 5. e3 a6 6. b3 cxd4 7. exd4 Nc6 8. Bb2
Ne4 9. a3 Nxc3 10. Bxc3 g6 11. c5 Bg7 12. Be2 O-O 13. b4 b6 14. O-O bxc5 15.
bxc5 Qc7 16. Re1 Bd7 17. Rb1 Rfb8 18. Qd2 h6 19. h4 a5 20. Bb5 Ne5 21. Nxe5 Bxb5
22. Qf4 Bc4 23. Bxa5 Qxa5 24. Qxf7+ Kh8 25. Qxg6 Rf8 26. Qg3 Rf5 27. c6 Ba2 28.
Rbc1 Rc8 29. Re3 Bc4 30. Rb1 Kh7 31. Rb7 Rc7 32. Qg6+ Kh8 33. Rg3 Rxb7 34. cxb7
Qe1+ 35. Kh2 1-0

[Event "Airthings Masters - Torneo Preliminare"]
[Site "Internet"]
[Date "03.02.2023"]
[Round "9"]
[White "Le, Tuan Minh"]
[Black "Azarov, Sergei"]
[Result "1/2-1/2"]
[WhiteTitle ""]
[BlackTitle ""]
[WhiteElo "2542"]
[BlackElo "2559"]
[WhiteFideId "12401153"]
[BlackFideId "13501470"]
[EventDate "2023.02.03"]

1. d4 Nf6 2. Nf3 e6 3. Bf4 d5 4. e3 Bd6 5. Bg3 O-O 6. c4 dxc4 7. Bxc4 b6 8. Nc3
Bb7 9. Rc1 Nbd7 10. Bd3 Bxg3 11. hxg3 h6 12. Qe2 c5 13. Ba6 Bxa6 14. Qxa6 cxd4
15. exd4 Qc8 16. Qxc8 Raxc8 17. Ke2 a6 18. Rc2 b5 19. Rhc1 Nb6 20. Kd3 Rfd8 21.
Ne4 Nxe4 22. Kxe4 Nc4 23. b3 Nd6+ 24. Kd3 Ra8 25. g4 a5 26. Rc6 b4 27. R1c5 a4
28. Rb6 axb3 29. axb3 Ra2 30. Ke3 Ne8 31. Ne5 Nf6 32. Kf3 Nd5 33. Rb7 Rb2 34. g3
Rxb3+ 35. Kg2 Rc3 36. Nxf7 Rf8 37. Ne5 Ra3 38. Ng6 Re8 39. Nf4 Nxf4+ 40. gxf4
Rf8 41. f5 exf5 42. Rcc7 Rd8 43. Rxg7+ Kh8 44. gxf5 Ra6 45. Rh7+ Kg8 46. Kg3 Rf6
47. Kg4 Rxd4+ 48. f4 Rd5 49. Rhg7+ Kh8 50. Rg6 Rdxf5 51. Rxh6+ Rxh6 52. Kxf5 Rc6
53. Ke5 Kg8 54. f5 Kf8 55. Rxb4 Kf7 56. Rb7+ Kf8 57. Kf4 1/2-1/2

[Event "Airthings Masters - Torneo Preliminare"]
[Site "Internet"]
[Date "03.02.2023"]
[Round "9"]
[White "Gascon Del Nogal, Jose Rafael"]
[Black "Guliyev, Namig"]
[Result "1-0"]
[WhiteTitle ""]
[BlackTitle ""]
[WhiteElo "2460"]
[BlackElo "2528"]
[WhiteFideId "3902463"]
[BlackFideId "13400363"]
[EventDate "2023.02.03"]

1. e4 c5 2. Nf3 d6 3. Bb5+ Nc6 4. O-O Bd7 5. Re1 a6 6. Bc4 Nf6 7. c3 Bg4 8. d4
cxd4 9. cxd4 e5 10. d5 Nd4 11. Be2 Nxe2+ 12. Qxe2 Be7 13. Nc3 O-O 14. h3 Bd7 15.
Be3 b5 16. Nd2 Qb8 17. b4 Rc8 18. Qd3 a5 19. bxa5 Rxa5 20. Reb1 h6 21. Rb4 Nh5
22. a4 Nf4 23. Bxf4 exf4 24. Rab1 Qc7 25. Nxb5 Qc2 26. Qxc2 Rxc2 27. Nc4 Ra6 28.
Nba3 Bxa4 29. Nxc2 Bxc2 30. Re1 Bf6 31. Rb6 Rxb6 32. Nxb6 Bd3 33. Nc8 Be5 34. f3
Kf8 35. Rc1 Bd4+ 36. Kh1 Bc5 37. e5 Be3 38. exd6 Ke8 39. Rc7 g5 40. Ne7 Bb6 41.
Kh2 h5 42. Rc3 Bh7 43. Rc6 Bd8 44. Nc8 Bd3 45. Nb6 Bb5 46. d7+ Ke7 47. Rh6 f6
48. Rh7+ Kd6 49. Nc8+ Kc7 50. d6+ Kb7 51. Rh8 Bxd7 52. Rxd8 Bxc8 53. d7 Bxd7 54.
Rxd7+ Kc6 55. Rf7 Kd5 56. Rxf6 1-0